000 01090nam a22002777a 4500
001 9252
003 FISKH
005 20251205111116.0
008 251205b cb ||||| |||| 00| 0 eng d
020 _a9780768101072
040 _aFISKH
_beng
_cFISKH
_dFISKH
050 _aQL666.O6 N53
082 _a597.96
100 _aNicholas, Christopher
245 _aSnakes! /
_cWritten by Christopher Nicholas ; Illustrated by Mike Maydak
260 _aNew York :
_bMcClanahan Book,
_c1999.
300 _a24 unnumbered pages :
_bcolor illustrations ;
_c21 cm
505 _aP
520 _aEver wondered how snakes can swallow and digest an entire animal whole, bones and all? Or which snakes squeeze the life out of their victims? Explore this exciting book for answers to questions you'll be glad we asked -- plus dozens of amazing facts and lots of colorful, action-packed illustrations.--
521 8 _a620
_bLexile
521 8 _aP
_bRaz-Plus
650 _aKnow it alls snakes
_vAnimals
700 _aMaydak, Mike
_eillustrator
942 _2ddc
_cBK
_n0
999 _c9252
_d9252